| 000 | 00657nac a22001811u 4500 | ||
|---|---|---|---|
| 010 | _a 2001055320 | ||
| 020 | _a0201737213 (alk. paper) | ||
| 020 | _a8178086646 | ||
| 082 | 0 | 0 |
_a005.1 _bJ26 |
| 090 |
_c458 _d458 |
||
| 100 | _aJalote, P. | ||
| 245 | 1 | 0 |
_aSoftware project management in practice / _cPankaj Jalote. |
| 260 |
_aBoston : _bAddison-Wesley, _c2002. |
||
| 300 |
_axv, 262 p. : _bill. ; _c24 cm. |
||
| 650 | 0 |
_aComputer software _xDevelopment _xManagement. |
|
| 942 |
_cBB _k005.1J26 |
||
| 999 |
_c458 _d458 |
||